000 00495nam a2200181Ia 4500
005 20250423101251.0
008 250422s9999 xx 000 0 und d
020 _a1559630590, 1559630582
050 _aHN 65 .M43/
100 _aMeadows, Donella H.
245 4 _aThe global citizen
260 _aWashington
260 _b Island Press
260 _cc1991.
300 _a300 p
650 _aSocial problems. Human ecology. Quality of life. United States --Social conditions
942 _cBK
999 _c35796
_d35796